00414 a2200145 4500003000400000005001700004008004100021020001800062040000900080082001800089100003200107245008500139260003500224300000900259OSt20231107115425.0231107b |||||||| |||| 00| 0 eng d a9789391938000 coclc a954.83bKUR/M aKurup, K K Nd1939- author. a1921 Malabar Samaram Vol 3:bDesham, anantharam, athijeevanam /cDr. K K N Kurup aKerala:bYuvatha books,c2022. a399p